000 00986nam a22002657a 4500
999 _c6983
_d6983
003 AR-CdUCM
008 190319b ||||| |||| 00| 0 spa d
040 _aMUNICIPALIDAD PROVINCIAL DEL CUSCO
_cBIBLIOTECA MUNICIPAL DEL CUSCO
082 _a541 /
_bK66
100 _aKnox, John H.
_919691
245 _aCromatografía de Gases /
260 _aMexico :
_bHispano Americana ;
_c1965.
300 _a165 páginas ;
_bDiagramas, tablas, fórmulas, ilustraciones
_c17cm
440 _aManuales Uteha
_n217
_919692
500 _aSección 3
505 _aContenido: Análisis cualitativo -- Análisis cuantitativo -- Temperatura programada -- Cromatografía de gases a escala preparativa -- Cromatografía gas-sólido...
650 _aQuímica
_94512
650 _aGases
_919693
650 _aCromatografia
_918709
700 _aAlbaigés Riera, J.
_918831
700 _aClemente Juanas, A. E.
_918832
700 _aGascó Sánchez, L.
_918833
942 _2ddc
_cLIBROS
945 _apjha